000 00509nam a2200181 a 4500
001 1777027203704
003 YourLibrary
005 20260424161208.0
008 260424s2002##################000#0#eng##
020 _a9780195152715
082 0 4 _a344.730321JAC
100 1 _aJacobson, Peter D.,
_eauthor.
245 1 0 _aStrangers in the Night :
260 _bOxford University Press, USA,
_c2002.
650 0 _aManaged care plans (Medical care).
942 _cENGLISH
040 _aYourLibrary
_beng
_cYourLibrary
999 _c619874
_d619874